000 00550nam a2200193Ia 4500
005 20250508160429.0
008 008 250505s9999 xx 000 0 eng d
037 _aTextual
040 _aFEDL
_beng
_cFEDL
041 _aeng
_2eng
084 _a301.24, LIN
_qFEDL
100 _aLindzey Gardner
245 0 _aProjective techniques and cross - cultural research
260 _aNew York, USA
_bAppleton-Century-Crofts
_c1961
300 _aix,339p.
650 _aSociology
942 _cTEXL
_h301.24, LIN
999 _c1364556
_d1364556